<?xml version="1.0" encoding="UTF-8"?>
<collection xmlns="http://www.loc.gov/MARC21/slim">
<record>
  <controlfield tag="001">87521</controlfield>
  <controlfield tag="005">20210520140811.0</controlfield>
  <datafield tag="037" ind1=" " ind2=" ">
    <subfield code="a">TESIS-2020-033</subfield>
  </datafield>
  <datafield tag="041" ind1=" " ind2=" ">
    <subfield code="a">spa</subfield>
  </datafield>
  <datafield tag="080" ind1=" " ind2=" ">
    <subfield code="a">339.9</subfield>
  </datafield>
  <datafield tag="100" ind1="1" ind2=" ">
    <subfield code="a">Villellas Ciudad, Cristina</subfield>
  </datafield>
  <datafield tag="245" ind1="0" ind2="0">
    <subfield code="a">Los precios de transferencia: una aproximación multidisciplinar </subfield>
  </datafield>
  <datafield tag="260" ind1=" " ind2=" ">
    <subfield code="a">Zaragoza</subfield>
    <subfield code="b">Universidad de Zaragoza, Prensas de la Universidad</subfield>
    <subfield code="c">2019</subfield>
  </datafield>
  <datafield tag="300" ind1=" " ind2=" ">
    <subfield code="a">179</subfield>
  </datafield>
  <datafield tag="490" ind1="0" ind2=" ">
    <subfield code="a">Tesis de la Universidad de Zaragoza</subfield>
    <subfield code="x">2254-7606</subfield>
    <subfield code="v">2020-33</subfield>
  </datafield>
  <datafield tag="500" ind1=" " ind2=" ">
    <subfield code="a">Presentado:  27 09 2019</subfield>
  </datafield>
  <datafield tag="502" ind1=" " ind2=" ">
    <subfield code="a">Tesis-Univ. Zaragoza, Estructura e Historia Económica y Economía Pública, 2019</subfield>
    <subfield code="b">Zaragoza, Universidad de Zaragoza</subfield>
    <subfield code="c">2019</subfield>
  </datafield>
  <datafield tag="520" ind1=" " ind2=" ">
    <subfield code="a">Las operaciones vinculadas son uno de los factores más relevantes en la planificación fiscal de las empresas. Estas operaciones representan el 60% del comercio internacional y su complejidad surge cuando partes vinculadas establecen acuerdos que partes independientes no aceptarían y que son el resultado de una planificación fiscal agresiva con objetivos que superan el ámbito comercial y que persiguen la elusión o evasión fiscal.&lt;br />Atendiendo a la naturaleza particular de estas operaciones, el objetivo de este trabajo es desarrollar un análisis exhaustivo de los precios de transferencia desde un enfoque multidisciplinar, combinando la perspectiva de la economía pública con la contable y la jurídico-mercantil; haciendo especial hincapié en la vertiente internacional del problema. &lt;br />Para alcanzar este objetivo general, en primer lugar, se evalúan las estrategias, proyectos y mecanismos desarrollados por las instituciones internacionales y nacionales; especialmente se analizan las propuestas de la OCDE y de la Comisión Europea, entre otras. Puesto que las normas fiscales aplicables en el ámbito nacional son competencia exclusiva de los países, el segundo objetivo es examinar cómo la norma fiscal española aborda la gestión de las operaciones vinculadas para adaptar la normativa nacional a un escenario empresarial globalizado; este análisis se complementa teniendo en cuenta las normas mercantil y contable. &lt;br />En relación a estos objetivos, los resultados alcanzados indican, por un lado, que existe un elevado grado de heterogeneidad normativa, tanto en el ámbito internacional como en el entorno nacional; una circunstancia que es responsable de conflictos internacionales que limitan el comercio y son motivo de confrontación a todos los niveles. Por otro, que el establecimiento de mandatos legales para la adecuación de las operaciones vinculadas al principio de plena competencia no limita la transferencia de beneficios.&lt;br />Teniendo en cuenta estas conclusiones, se cuestiona la efectividad del principio de plena competencia como estándar internacional, se proponen alternativas para incrementar la efectividad de los sistemas fiscales vigentes y se desarrollan propuestas armonizadoras aplicables dentro del ámbito nacional español.&lt;br />El tercer propósito de esta tesis es identificar los problemas relativos a los precios de transferencia que subsisten en el ámbito internacional y estudiar las iniciativas más ambiciosas disponibles: el Plan de Acción BEPS (Base Erosion and Profit Shifting) desarrollado por la OCDE y la propuesta de Directiva relativa a una Base Imponible Consolidada Común del Impuesto sobre Sociedades (BICCIS/CCCTB: Common Consolidated Corporate Tax Base) planteada por la Comisión Europea. Se analiza el origen de estas propuestas, su fundamento económico y jurídico, su efectividad y si su adopción representaría un cambio relevante en la fiscalidad internacional. También se hace referencia a las diferentes alternativas tributarias consideradas por el Fondo Monetario Internacional.&lt;br /></subfield>
  </datafield>
  <datafield tag="506" ind1=" " ind2=" ">
    <subfield code="a">by-nc-nd</subfield>
    <subfield code="b">Creative Commons</subfield>
    <subfield code="c">3.0</subfield>
    <subfield code="u">http://creativecommons.org/licenses/by-nc-nd/3.0/es</subfield>
  </datafield>
  <datafield tag="520" ind1=" " ind2=" ">
    <subfield code="a">&lt;br /></subfield>
  </datafield>
  <datafield tag="521" ind1=" " ind2=" ">
    <subfield code="9">7090</subfield>
    <subfield code="a">Programa de Doctorado en Economía</subfield>
  </datafield>
  <datafield tag="653" ind1="1" ind2=" ">
    <subfield code="a">economia internacional</subfield>
  </datafield>
  <datafield tag="653" ind1="1" ind2=" ">
    <subfield code="a">politica fiscal y hacienda publica nacionales</subfield>
  </datafield>
  <datafield tag="653" ind1="1" ind2=" ">
    <subfield code="a">contabilidad financiera</subfield>
  </datafield>
  <datafield tag="653" ind1="1" ind2=" ">
    <subfield code="a">negocios internacionales</subfield>
  </datafield>
  <datafield tag="700" ind1=" " ind2=" ">
    <subfield code="a">López Laborda, Julio</subfield>
    <subfield code="e">dir.</subfield>
  </datafield>
  <datafield tag="710" ind1="2" ind2=" ">
    <subfield code="a">Universidad de Zaragoza</subfield>
    <subfield code="b">Estructura e Historia Económica y Economía Pública</subfield>
  </datafield>
  <datafield tag="830" ind1=" " ind2=" ">
    <subfield code="9">502</subfield>
  </datafield>
  <datafield tag="856" ind1="0" ind2=" ">
    <subfield code="f">tdr@unizar.es</subfield>
  </datafield>
  <datafield tag="856" ind1="4" ind2=" ">
    <subfield code="u">http://zaguan.unizar.es/record/87521/files/TESIS-2020-033.pdf</subfield>
    <subfield code="z">Texto completo (spa)</subfield>
  </datafield>
  <datafield tag="909" ind1="C" ind2="O">
    <subfield code="o">oai:zaguan.unizar.es:87521</subfield>
    <subfield code="p">driver</subfield>
    <subfield code="p">tesis</subfield>
  </datafield>
  <datafield tag="910" ind1="2" ind2=" ">
    <subfield code="a"></subfield>
    <subfield code="b">Estructura e Historia Económica y Economía Pública</subfield>
  </datafield>
  <datafield tag="980" ind1=" " ind2=" ">
    <subfield code="a">TESIS</subfield>
  </datafield>
</record>
</collection>